• 首页
  • 本馆介绍
  • 公告通知
  • 最新文献
  • 馆藏检索
  • 电子资源
  • 读者导购
  • 参考咨询
  • 我的图书馆
  • 登录
  • 详细信息显示
  • 放入我的书架
  • 预约/预借图书
  • 作者相关作品
  • 分类相关作品
  • 丛书相关作品
  • 出版社相关作品

书目信息

  • 表格格式
  • 工作单格式
  • 卡片格式
题名:
中国名校优秀设计大系
    
 
作者: 本社编
分册:   标识系统卷
出版信息: 福州   福建美术出版社  2005
页数: 56页
开本: 29cm
丛书名:
单 册:
中图分类: J121 , J524.4
科图分类:
主题词: 标志--设计--中国--现代--图集 , 艺术--中国 , 工艺美术--设计--中国--现代--图集 , 标志 , 中国艺术节
电子资源:
ISBN: 7-5393-1507-5
000 00992nam0 2200277 450
001 0709000033
005 20070601082124.42
010    @a7-5393-1507-5@dCNY28.00
100    @a20051122d2005 em y0chiy0110 ea
101 0  @achi
102    @aCN@b350000
105    @aa z 000yy
200 1  @a中国名校优秀设计大系@Azhong guo ming xiao you xiu she ji da xi@f本社编@Fben she bian@i标识系统卷
210    @a福州@c福建美术出版社@d2005
215    @a56页@c图@d29cm
304    @a英文共同题名:Excellent design by famous art college
330    @a本书内容包括:中国银行2002年系列标识、亚洲色彩联合会标、北京半山亭文化传播公司、“百贺世家”标志、博联中兴科技、西南通讯、上海海虹实业中辰药业有限公司、南京利恒房地产开发有限公司等。
606 0  @a标志@x设计@y中国@z现代@j图集
606 0  @a艺术@x中国
606 0  @a工艺美术@x设计@y中国@z现代@j图集
606 0  @a标志
606 0  @a中国艺术节
690    @aJ121@v4
690    @aJ524.4@v4
801  0 @aCN@bTAOJIN@c20070601
905    @a10447@dJ121@e76
    
    中国名校优秀设计大系/本社编.标识系统卷.-福州:福建美术出版社,2005
    56页:图;29cm
    
    
    ISBN 7-5393-1507-5:CNY28.00
    本书内容包括:中国银行2002年系列标识、亚洲色彩联合会标、北京半山亭文化传播公司、“百贺世家”标志、博联中兴科技、西南通讯、上海海虹实业中辰药业有限公司、南京利恒房地产开发有限公司等。
●
相关链接 在E读中查询图书 在五车中查询图书 在当当中查询图书 在豆瓣中查询图书


正题名:中国名校优秀设计大系     索取号:J121/76         预约/预借

序号 登录号 条形码 馆藏地/架位号 状态 备注
1 0523791   205237910   第一样本阅览室/ [索取号:J121/76] 在馆    
2 0523792   205237929   第一借阅区/ [索取号:J121/76] 在馆    
3 0523793   205237938   第一借阅区/ [索取号:J121/76] 在馆    
唐山师范学院图书馆 欢迎您!
大连网信软件有限公司© 版权所有